000 00308nam a2200121Ia 4500
008 220204s9999 xx 000 0 und d
082 _a030=573.14=16.1
_bRUS
100 _aMakarenko, M C
245 0 _aMalayalam-Russian nighantu
260 _aMoscow
_bSoviet Encyclopedia
_c1971
700 _aV A
942 _cBK
999 _c24143
_d24143